013830000a22004450004500003001100000008004100011040003900052041000800091082001300099100002600112245002100138260005300159300001000212650002500222650002500247650003600272650002400308650002500332650002100357650002200378650005500400650001900455650002700474650002800501650002100529650002200550650004300572650001600615650003100631650002000662650002500682650002900707650002200736650001600758650002500774650002800799942000700827952008800834999001500922LK-CoMWRAF230817t ||||| |||| 00| 0 eng d aLK-CoMWRAFdLK-CoMWRAFeLK-CoMWRAF aeng a910bNAD aNadwi, Abul Hasan Ali aGlory of Iqbalb bHaji Arfeen AcademyaPakistan (Karachi 18)c1987 ap.232 aArdour and Eagerness aArt and Architecture aAt the Door-Step of the Prophet aBiographical Sketch aComplaint and Prayer aEcho of Paganism aFormative Factors aHistorical Truths and Allusions in Iqbal's Poetry  aIn Afghanistan aKnowledge and Learning aLamentation of Abu Jahl aModern Education aMosque of Cordova aMy Acquaintance with Iqbal and his Art aPerfect Man aPlace of the True Believer aPrayer of Tariq aProblem of Palestine aSatan's Advisory Council aTo the Arab Lands aTo the Saqi aWestren Civilization aWith Jamaluddin Afghani cBK 00104070aMAINbMAINd2023-08-17l0o910 NADpRAF4436r2023-08-17w2023-08-17yBK c1863d1863